|
|
|
|
| LEADER |
00000cam a2200000 4500 |
| 001 |
vtls011761662 |
| 003 |
SK-MaSNL |
| 005 |
20260301223046.0 |
| 008 |
200104s2017 xo a grn 100 0 slo |
| 015 |
|
|
|a SNBA2018/07
|
| 020 |
|
|
|a 9788055519647
|q (brožované)
|
| 035 |
|
|
|a urn:nbn:sk:snk-am00d44z
|
| 035 |
|
|
|a urn:nbn:sk:snk-am3hl24
|
| 035 |
|
|
|a E4C43C6A-5AB9-4008-B35D-C062817C287D
|
| 040 |
|
|
|a SNK
|b slo
|c SNK
|e rda
|
| 041 |
0 |
|
|a slo
|a ger
|b eng
|b slo
|
| 044 |
|
|
|a xo
|c SK
|
| 072 |
|
7 |
|a 27-4
|x Praktická teológia. Morálna teológia
|2 konspekt
|
| 080 |
|
|
|a 17.02
|2 2011
|
| 080 |
|
|
|a 27-46
|2 2011
|
| 080 |
|
|
|a 615.851
|2 2011
|
| 080 |
|
|
|a 159.9:27-46
|2 2001
|
| 080 |
|
|
|a (062.534)
|2 2011
|
| 111 |
2 |
|
|a Hľadanie zmyslu života ako pastoračná výzva
|n (2. :
|d 2017 :
|c Prešov, Slovensko)
|4 aut
|9 613548
|
| 245 |
1 |
0 |
|a Hľadanie zmyslu života ako pastoračná výzva II.
|b zborník z vedeckej konferencie s medzinárodnou účasťou
|c Michal Hospodár (ed.)
|
| 264 |
|
1 |
|a Prešov
|b Greckokatolícka teologická fakulta PU v Prešove
|c 2017
|
| 300 |
|
|
|a 97 strán
|c 24 cm
|
| 336 |
|
|
|a text
|b txt
|2 rdacontent
|
| 337 |
|
|
|a bez média
|b n
|2 rdamedia
|
| 338 |
|
|
|a zväzok
|b nc
|2 rdacarrier
|
| 500 |
|
|
|a Konferencia je súčasťou riešenia projektu VEGA č. 1/0452/16 s názvom Otázka zmyslu života v pastorálnej starostlivosti s využitím logoterapie V. E. Frankla
|
| 504 |
|
|
|a Obsahuje bibliografiu ; bibliografické odkazy
|
| 546 |
|
|
|a Čiastočný text v nemčine ; anglické a slovenské resumé
|
| 650 |
0 |
7 |
|a zmysel života
|2 SNKPH
|9 4977
|
| 650 |
0 |
7 |
|a pastorácia
|2 SNKPH
|9 1972
|
| 650 |
0 |
7 |
|a logoterapia
|2 SNKPH
|9 2523
|
| 650 |
0 |
7 |
|a pastorálna psychológia
|2 SNKPH
|9 67700
|
| 650 |
0 |
7 |
|a Sense of life
|2 SNKPHeng
|9 270861
|
| 650 |
0 |
7 |
|a Pastorship
|2 SNKPHeng
|9 282485
|
| 650 |
0 |
7 |
|a Logotherapy
|2 SNKPHeng
|9 325704
|
| 650 |
0 |
7 |
|a Pastoral psychology
|2 SNKPHeng
|9 328183
|
| 655 |
|
7 |
|a zborníky konferencií
|2 SNKPH
|9 70153
|
| 655 |
|
7 |
|a Proceedings of conferences
|2 SNKPHeng
|9 265791
|
| 700 |
1 |
|
|a Hospodár, Michal,
|d 1965-
|4 edt
|9 183598
|
| 710 |
2 |
|
|a Prešovská univerzita v Prešove.
|b Gréckokatolícka teologická fakulta
|4 pbl
|9 177605
|
| 919 |
|
|
|a 978-80-555-1964-7
|
| 958 |
|
|
|a NB
|
| 958 |
|
|
|a DE
|
| 958 |
|
|
|a NT
|
| 999 |
|
|
|c 941997
|d 943927
|
| 952 |
|
|
|a SNK
|b SNK
|y PREZ
|7 0
|p 17A1331978
|o snkSC 179828
|i snk2018/12739
|8 0
|0 0
|1 0
|4 0
|d 2018-06-12
|f 1
|l 0
|r 2026-02-24 09:22:24
|w 2026-02-24
|
| 952 |
|
|
|a SNK
|b SNK
|y VYP
|7 0
|p 17A1331979
|o snkSC 179828 D1
|i snk2018/12740
|8 0
|0 0
|1 0
|4 0
|d 2018-06-12
|l 0
|r 2026-02-24 09:22:25
|w 2026-02-24
|